00573nam a2200121Ia 4500008004100000082002700041100003500068245009700103260005100200365000600251630009700257730009700354100415s9999 xx 000 0 und d b21715a574.52643(5475) aFORESTRY AND ENVIRONMENT DIVIS aGrassland mapping project, Gujarat using remote sensing and GIS techniques : Amreli District aVARODARAc2002bDEPARTMENT OF BOTANY, M.S. UNI b1 aGrassland mapping project, Gujarat using remote sensing and GIS techniques : Amreli District aGrassland mapping project, Gujarat using remote sensing and GIS techniques : Amreli District